| 000 | 00354nam a22001577a 4500 | ||
|---|---|---|---|
| 003 | SGT | ||
| 020 | _a9788190568104 | ||
| 082 |
_a617.5 _bM19D |
||
| 100 | _aDAS, S | ||
| 245 | _aA MANUAL ON CLINICAL SURGERY | ||
| 250 | _a14TH | ||
| 260 |
_aNEW DELHI _bS Das Publication _c2019 |
||
| 300 | _a1-648 | ||
| 650 | _aGENERAL SURGERY | ||
| 942 |
_2ddc _cBK _052 |
||
| 999 |
_c20937 _d20937 |
||